000 00311nam a22001337a 4500
008 170607b xxu||||| |||| 00| 0 eng d
020 _a9780195138610
041 _aeng
080 _a34
100 _a14
101 _aSHJ
245 _aSENTENCING AND SANCTIONS IN WESTERN COUNTRIES
_cTONRY,M
942 _2udc
_cBK
999 _c16243
_d16243